Statistics for 2020 in Review - Germany

Click here to take the quiz!

General Stats

  • This quiz has been taken 16 times
  • The average score is 8 of 12

Answer Stats

HintAnswer% Correct
This team won the UEFA Champions LeagueBayern Munich
100%
In a rare emotional speech, she urged people to be careful so that "it's not the last christmas with our grandparents"Angela Merkel
92%
Construction of this Berlin facility was finally finished, after nine years of delaysBerlin Brandenburg Airport
92%
This Russian politician was hospitalized in Berlin after having been poisonedAlexei Navalny
77%
German coach who led Liverpool to its first ever Premier League winJürgen Klopp
77%
Which state entered a crisis after the leader of a marginal party was voted minister president by far-right parliamentarians?Thuringia
77%
This Mainz based company developed the first Covid vaccine; it partnered with PfizerBioNTech
69%
What did the interior minister of Mecklenburg-Vorpommern buy from a known far-right extremist?A handgun
54%
The same virologist became the nation's chief corona explainer thanks to millions of listeners of this media formatA Podcast
54%
This Charité virologist developed the world's first corona testChristian Drosten
54%
This company was dissolved after it declared that €1.9 billion were "missing"{Wire}card
54%
Friedrich Merz campaigned to become CDU leader and possibly chancellor. Until 2020, he was a lobbyist for this company, the world's largest asset manager.{Black}Rock
46%

Score Distribution

Percentile by Number Answered

Percent of People with Each Score

Your Score History

You have not taken this quiz